LIBRARY & INFORMATION CENTRE, KCAET, TAVANUR

ONLINE PUBLIC ACCESS CATALOGUE (OPAC)

Breeding Asian field crops / (Record no. 2607)

MARC details
000 -LEADER
fixed length control field 00482cam a2200181ua 4500
041 ## - LANGUAGE CODE
Language code of text/sound track or separate title eng
082 ## - DEWEY DECIMAL CLASSIFICATION NUMBER
Classification number 633.0853
Item number POE/BR
100 ## - MAIN ENTRY--AUTHOR NAME
Personal name Poehlman, John milton .
245 ## - TITLE STATEMENT
Title Breeding Asian field crops /
250 ## - EDITION STATEMENT
Edition statement 1 /
260 ## - PUBLICATION, DISTRIBUTION, ETC. (IMPRINT)
Place of publication :
Name of publisher Oxford & IBH Publishing company ,
Year of publication 1969.
300 ## - PHYSICAL DESCRIPTION
Number of Pages 385 ; .
700 1# - ADDED ENTRY--PERSONAL NAME
Personal name Borthakur, Dhirendranath .
942 ## - ADDED ENTRY ELEMENTS (KOHA)
Koha item type Books
Holdings
Withdrawn status Lost status Damaged status Home library Current library Date acquired Full call number Accession Number Koha item type
      KAUAET KAUAET 28/03/1987 633.0853 16306 Books
      KAUAET KAUAET 07/04/2012 633.0853 14669 Books
free website counter